000 01083nam a2200265Ia 4500
001 264-CAS od mi (399)
003 IT-MiSPE
008 171229s9999||||xx |||||||||||||| ||und||
040 _aIT-MiSPE
_cIT-MiSPE
041 _aITALIANO
100 _aOdo Casel
240 _aDas christliche Kultmysterium
245 0 _aIl mistero del culto cristiano
250 _a1a ed. (v)
260 _aTorino
_bBorla
_c1966
300 _a227 p.
_c21 cm
490 _aLe idee e la vita: I
_v28
500 _aLiturgia
501 _aEdizioni San Paolo srl - Piazza Soncino, 5 - 20092 CINISELLO BALSAMO (MI) (non commercial uses only) ® Copyright 2018
700 _aArmando Manzino
_g(traduzione)
700 _aBurkhard Neunheuser
942 _cBK
957 _71
999 _a13082
_bNO
_g Copie: 1
_c344862
_d344862